LEADER 00806nam a2200193 i 4500 001 000000155101 003 CaOOAMICUS 005 20061102000000.0 008 061102n it u000 u ita u 013 $a132450 040 $aSeMil$bita 100 1 $aPolvara, Giuseppe .$0(OLS)http://semarc/name/3398 245 10$aArte, Arte Cristiana, Arte Liturgica /$cD. Giuseppe Polvara. 260 $aMilano :$bCasa Editrice d'Arte e Liturgia e Angelico,$c1932[?] 300 $a34 p. :$bill. ;$c17 cm. 850 $aSeMil 852 $aSeMil$W1$xVenegono$y1$m5P I 81$j106952$B106952$CSeMilBibl$Z2$F116219 $81 996 $6245$aArte, Arte Cristiana, Arte Liturgica$9(OLS)http://semarc/title/227122 996 $6260$aMilano :$bCasa Editrice d'Arte e Liturgia e Angelico$9(OLS)http://semarc/publisher/48158 LEADER 00692nam a2200181 i 4500 001 000000217567 003 CaOOAMICUS 005 20121207000000.0 008 121207s1809 xx u000 u lat u 013 $a196464 026 $ai-r, 8378 abl- tinu (3) 1813 (R) 040 $aSeMil$bita 245 10$aTomulus 3. 300 $aXVI, 184, [2] p. 773 0 $aReyberger, Anton Karl$tInstitutiones ethicae christianae, seu Theologiae moralis, usibus academicis adcommodatae.$dViennae : Apud Car. Ferdinandum Bek, 1809-1813.$g3$w()27804 850 $aSeMil 852 $aSeMil$W1$xVenegono$y1$m2F II 27 FA$j167981$B167981$CSeMilBibl$Z2$F178755 $8I 996 $6245$aTomulus 3$9(OLS)http://semarc/title/312623